000 00894nam a2200253Ia 4500
003 OSt
005 20221005113413.0
006 a|||||r|||| 00| 0
007 ta
008 221004b |||||||| |||| 00| 0 pan d
020 _a8178830310 (hbk)
_c100
024 _a11822
037 _b814, 13/03/2014, H.K. Prakashan
_cTextual
040 _aCRL
_cCRL
_bpan
041 _2pan
_apan
082 _aO153,3NBEx, P2
100 _aਬੇਦੀ, ਕੁਲਦੀਪ ਸਿੰਘ
245 0 _aਕਿੰਨੇ ਹੀ ਵਰ੍ਹਿਆਂ ਬਾਅਦ
260 _aਲੁਧਿਆਣਾ
_bਚੇਤਨਾ ਪ੍ਰਕਾFਨ ਭਾਰਤ
_c2002
300 _a119ਪੰ
_ccm.
650 _aਪੰਜਾਬੀ ਸਾਹਿਤ
942 _hO153,3NBEx, P2
_cTEXL
_2cc
999 _c1028082
_d1028082